MARC

LEADER 00000nam0a2200000 4500
001 269226
005 20231101234233.0
035 |a (RuTPU)RU\TPU\book\292399 
090 |a 269226 
100 |a 20140916d1987 k y0rusy50 ca 
101 0 |a rus 
102 |a RU 
105 |a a z 001zy 
200 1 |a Механика горных пород  |f Л. В. Ершов, Л. К. Либерман, И. Б. Нейман 
210 |a Москва  |c Недра  |d 1987 
215 |a 192 с.  |c ил. 
320 |a Библиогр.: с. 190-191 
606 1 |a Горные породы  |x Термодинамические процессы  |x Механика  |2 stltpush  |3 (RuTPU)RU\TPU\subj\69322  |9 84233 
610 1 |a свойства 
610 1 |a механика сплошных сред 
610 1 |a разрушение 
610 1 |a напряженно-деформированное состояние 
610 1 |a теплопроводность 
610 1 |a фильтрация 
610 1 |a прикладные задачи 
675 |a 622.02  |v 4 
700 1 |a Ершов  |b Л. В.  |g Леонид Викторович 
701 1 |a Либерман  |b Л. К.  |g Лейзер Касриилович 
701 1 |a Нейман  |b И. Б.  |g Иосиф Борисович 
801 1 |a RU  |b 63413507  |c 20140916 
801 2 |a RU  |b 63413507  |c 20170222  |g RCR 
942 |c BK